Away west / (Record no. 848)

MARC details
000 -LEADER
fixed length control field 01162nam a22003137a 4500
005 - DATE AND TIME OF LATEST TRANSACTION
control field 20230804161416.0
020 ## - INTERNATIONAL STANDARD BOOK NUMBER
International Standard Book Number 0670060127
020 ## - INTERNATIONAL STANDARD BOOK NUMBER
International Standard Book Number 9780670060122
040 ## - CATALOGING SOURCE
Original cataloging agency DLC
Transcribing agency DLC
Modifying agency IG#
-- BAKER
-- EHH
-- OCO
-- DLC
Language of cataloging eng
050 00 - LIBRARY OF CONGRESS CALL NUMBER
Classification number PZ7.M478693
Item number Awa 2006
082 00 - DEWEY DECIMAL CLASSIFICATION NUMBER
Classification number 813
Edition number 22
100 1# - MAIN ENTRY--PERSONAL NAME
Personal name McKissack, Patricia C.,
Dates associated with a name 1944-2017.
245 10 - TITLE STATEMENT
Title Away west /
Statement of responsibility, etc. by Patricia C. McKissack ; illustrated by Gordon C. James.
260 ## - PUBLICATION, DISTRIBUTION, ETC.
Place of publication, distribution, etc. New York :
Name of publisher, distributor, etc. Scholastic,
Date of publication, distribution, etc. 2006.
300 ## - PHYSICAL DESCRIPTION
Extent 121 pages :
Other physical details illustrations ;
Dimensions 20 cm.
505 ## - FORMATTED CONTENTS NOTE
Formatted contents note K <br/>
520 ## - SUMMARY, ETC.
Summary, etc. In 1879, thirteen-year-old Everett Turner leaves a life of struggle on his family's farm and runs away to St. Louis, where he works in a livery stable before heading to the all-Black town of Nicodemus, Kansas.
521 ## - TARGET AUDIENCE NOTE
Target audience note 510 <br/>
Source Lexile <br/>
521 ## - TARGET AUDIENCE NOTE
Target audience note K <br/>
Source Raz-Plus <br/>
650 #1 - SUBJECT ADDED ENTRY--TOPICAL TERM
Topical term or geographic name entry element Runaways
Form subdivision Fiction.
650 #1 - SUBJECT ADDED ENTRY--TOPICAL TERM
Topical term or geographic name entry element Brothers
Form subdivision Fiction.
650 #1 - SUBJECT ADDED ENTRY--TOPICAL TERM
Topical term or geographic name entry element Horses
Form subdivision Fiction.
650 #1 - SUBJECT ADDED ENTRY--TOPICAL TERM
Topical term or geographic name entry element African Americans
Form subdivision Fiction.
700 1# - ADDED ENTRY--PERSONAL NAME
Personal name James, Gordon C.,
Relator term illustrator.
906 ## - LOCAL DATA ELEMENT F, LDF (RLIN)
a 7
b cbc
c orignew
d 1
e ecip
f 20
g y-gencatlg
942 ## - ADDED ENTRY ELEMENTS (KOHA)
Source of classification or shelving scheme Dewey Decimal Classification
Koha item type Books
Suppress in OPAC No
999 ## -
-- 848
-- 848
Holdings
Withdrawn status Lost status Source of classification or shelving scheme Damaged status Not for loan Collection Home library Current library Shelving location Date acquired Total Checkouts Full call number Barcode Date last seen Price effective from Koha item type
    Dewey Decimal Classification     Fiction Footprints International School Library Network Toul Kork Campus Footprints International School Library Network Toul Kork Campus TK Primary Library Room(4th Floor), Bookcase 3&4, Shelves 17-32, Yellow Books 07/11/2023   MCK Fic 813 PZ7.M478693 FISTK00076 07/11/2023 07/11/2023 Books